<?xml version="1.0" encoding="UTF-8"?>
<record
    xmlns:xsi="http://www.w3.org/2001/XMLSchema-instance"
    xsi:schemaLocation="http://www.loc.gov/MARC21/slim http://www.loc.gov/standards/marcxml/schema/MARC21slim.xsd"
    xmlns="http://www.loc.gov/MARC21/slim">

  <leader>01349nam a22002417a 4500</leader>
  <controlfield tag="005">20230511163110.0</controlfield>
  <controlfield tag="008">230306b           sp ||||| |||| 00| 0 spa d</controlfield>
  <datafield tag="020" ind1=" " ind2=" ">
    <subfield code="a">8474984661</subfield>
  </datafield>
  <datafield tag="050" ind1="0" ind2="4">
    <subfield code="a">TX553.P7</subfield>
    <subfield code="b">S56 1998</subfield>
  </datafield>
  <datafield tag="111" ind1="2" ind2=" ">
    <subfield code="a">Simposio Iberoamericano sobre Prote&#xED;na para Alimentos</subfield>
    <subfield code="c">(Buenos Aires, Argentina :</subfield>
    <subfield code="d"> 1996)</subfield>
  </datafield>
  <datafield tag="245" ind1="1" ind2="0">
    <subfield code="a"> Simposio Iberoamericano sobre Prote&#xED;na para Alimentos </subfield>
    <subfield code="b"> : Buenos Aires, 1996 : Actas </subfield>
    <subfield code="c"> CYTED, Programa Iberoamericano de Ciencia y Tecnolog&#xED;a para el Desarrollo ; Subprograma XI, Tratamiento y Conservaci&#xF3;n de Alimentos ; Proyecto XI.9, Obtenci&#xF3;n y Caracterizaci&#xF3;n de Prote&#xED;nas para su Aplicaci&#xF3;n en Alimentos para Reg&#xED;menes Especiales ; editores, M. M&#xFA;zquiz ... [y otros.]</subfield>
  </datafield>
  <datafield tag="246" ind1="1" ind2="0">
    <subfield code="a">Actas, Simposio Iberoamericano sobre Prote&#xED;na para Alimentos.</subfield>
  </datafield>
  <datafield tag="250" ind1=" " ind2=" ">
    <subfield code="a">1a ed.</subfield>
  </datafield>
  <datafield tag="260" ind1=" " ind2=" ">
    <subfield code="a">Madrid, Espa&#xF1;a : </subfield>
    <subfield code="b">Ministerio de Agricultura, Pesca y Alimentaci&#xF3;n, Instituto Nacional de Investigaci&#xF3;n y Tecnolog&#xED;a Agraria y Alimentaria,</subfield>
    <subfield code="c">1998</subfield>
  </datafield>
  <datafield tag="300" ind1=" " ind2=" ">
    <subfield code="a">347 p. : </subfield>
    <subfield code="b">il. ; </subfield>
    <subfield code="c">24 cm.</subfield>
  </datafield>
  <datafield tag="490" ind1=" " ind2="0">
    <subfield code="a">Monograf&#xED;as INIA ; </subfield>
    <subfield code="v">no. 104</subfield>
  </datafield>
  <datafield tag="500" ind1=" " ind2=" ">
    <subfield code="a">Incluye bibliograf&#xED;as</subfield>
  </datafield>
  <datafield tag="650" ind1=" " ind2="7">
    <subfield code="2">lemb</subfield>
    <subfield code="a">Proteinas en la nutrici&#xF3;n humana </subfield>
    <subfield code="v">Congresos</subfield>
  </datafield>
  <datafield tag="650" ind1=" " ind2="7">
    <subfield code="2">lemb</subfield>
    <subfield code="a">Proteinas de plantas</subfield>
    <subfield code="v">Congreso</subfield>
  </datafield>
  <datafield tag="650" ind1=" " ind2="7">
    <subfield code="2">lemb</subfield>
    <subfield code="a">Proteinas</subfield>
    <subfield code="v">Congresos</subfield>
  </datafield>
  <datafield tag="700" ind1="1" ind2=" ">
    <subfield code="a">M&#xFA;zquiz Elorrieta, Mercedes, </subfield>
    <subfield code="e">editor</subfield>
  </datafield>
  <datafield tag="942" ind1=" " ind2=" ">
    <subfield code="2">lcc</subfield>
    <subfield code="c">LIB</subfield>
  </datafield>
  <datafield tag="999" ind1=" " ind2=" ">
    <subfield code="c">30795</subfield>
    <subfield code="d">30795</subfield>
  </datafield>
  <datafield tag="952" ind1=" " ind2=" ">
    <subfield code="1">0</subfield>
    <subfield code="2">lcc</subfield>
    <subfield code="4">0</subfield>
    <subfield code="7">1</subfield>
    <subfield code="a">LIC-026</subfield>
    <subfield code="b">LIC-026</subfield>
    <subfield code="c">CONSULTA</subfield>
    <subfield code="d">2023-05-11</subfield>
    <subfield code="f">1a ed.</subfield>
    <subfield code="i">IA</subfield>
    <subfield code="k">IT</subfield>
    <subfield code="l">0</subfield>
    <subfield code="o">TX553.P7 S56 1998</subfield>
    <subfield code="p">BTM000002445</subfield>
    <subfield code="r">2023-05-11 00:00:00</subfield>
    <subfield code="t">1</subfield>
    <subfield code="v">1.00</subfield>
    <subfield code="y">LIB</subfield>
  </datafield>
</record>
